Gaming Quiz

Random Gaming or Pokémon Quiz

'P' Pokémon Quiz Stats

 Plays Quiz Updated Feb 23, 2019

Score 0/56 Timer 07:00
1 Play Today
Type Pokémon % Correct
ElectricPikachu
92.9%
WaterPoliwhirl
67.2%
WaterPoliwag
66.1%
Water/FightingPoliwrath
63.4%
Normal/FlyingPidgey
61.7%
Normal/FlyingPidgeot
61.1%
Normal/FlyingPidgeotto
59.6%
ElectricPichu
45.8%
Bug/GrassParas
45.8%
Bug/GrassParasect
44.2%
NormalPorygon
42.6%
FirePonyta
35.8%
BugPinsir
34.7%
WaterPolitoed
31.5%
Fire/NormalPyroar
31%
Water/DragonPalkia
30.7%
FightingPancham
30.6%
Fighting/DarkPangoro
30.4%
WaterPiplup
29.9%
NormalPorygon2
29.5%
WaterPsyduck
29.5%
Grass/GhostPumpkaboo
28.4%
Ice/GroundPiloswine
28%
Grass/GhostPhantump
27.5%
Ghost/GroundPalossand
26.8%
ElectricPachirisu
26.1%
NormalPorygon-Z
25.9%
NormalPersian
25.6%
Type Pokémon % Correct
FightingPrimeape
25.6%
Water/FlyingPelipper
25.2%
WaterPopplio
24%
WaterPrinplup
22.3%
ElectricPlusle
22.2%
WaterPrimarina
21.6%
Bug/FightingPheromosa
20.3%
Normal/FlyingPikipek
18.7%
GroundPhanpy
18.5%
FightingPassimian
18.3%
WaterPyukumuku
18.1%
PoisonPoipole
17.1%
DarkPoochyena
16.3%
BugPineco
14.9%
Fire/FightingPignite
14.8%
Rock/GroundPupitar
14.6%
FirePansear
14.6%
GrassPansage
14.4%
WaterPanpour
14%
Rock/SteelProbopass
13.9%
NormalPurugly
13%
Water/GroundPalpitoad
12.8%
Dark/SteelPawniard
12.6%
Normal/FlyingPidove
12%
WaterPhione
10.8%
NormalPatrat
9.4%
DarkPurrloin
8.7%
GrassPetilil
6.7%

You're not logged in!

Compare scores with friends on all Sporcle quizzes.
OR
Log In

Sporcle TV

Today on Sporcle TV


Watch our educational content, quiz creation guides, and fun videos on Sporcle TV.

Show Comments

Extras

Top Quizzes Today


Score Distribution

Your Account Isn't Verified!

In order to create a playlist on Sporcle, you need to verify the email address you used during registration. Go to your Sporcle Settings to finish the process.

Report this User

Report this user for behavior that violates our Community Guidelines.

Details: